000 00363 a2200145 4500
005 20250425161800.0
020 _a0-256-18800-9
082 _a657.45 ROB
100 _aROBERTSON, J. C.
245 _aAuditing.
250 _a8th Ed.
260 _aLondon,
_bMcgraw- Hill Irwin,
_c1996.
300 _axiii, 983p.:Ill.;figures & table
_bIndex
_c26cm.
942 _2ddc
_cBKS
999 _c1679
_d1679